[Event "CRO-chT4 Center-A"]
[Site "Zagreb"]
[Date "2011.05.08"]
[Round "6.33"]
[White "Benamatic, Kresimir"]
[Black "Vidic, Mihajlo"]
[Result "0-1"]
[WhiteElo "2015"]
[BlackElo "1840"]
[PlyCount "94"]
[EventDate "2011.03.13"]
[EventType "team-tourn"]
[EventRounds "7"]
[EventCountry "CRO"]
[SourceTitle "EXT 2014"]
[Source "ChessBase"]
[SourceDate "2013.11.20"]
[SourceVersion "1"]
[SourceVersionDate "2013.11.20"]
[SourceQuality "1"]

1. d4 Nf6 2. Nf3 d6 3. c4 c6 4. Nc3 Nbd7 5. e4 Qc7 6. Bd3 g6 7. 0-0 Bg7 8. h3 e5 9. d5 0-0 10. Be3 h6 11. Rc1 a6 12. b4 c5 13. b5 a5 14. a4 b6 15. Nh4 Qd8 16. g3 Nh7 17. Qd2 Ng5 18. f4 exf4 19. Bxf4 Nxh3+ 20. Kh2 Nxf4 21. Rxf4 g5 22. Nf5 gxf4 23. gxf4 Nf6 24. Nxg7 Ng4+ 25. Kg3 Kxg7 26. Rg1 Rg8 27. f5 Kf8 28. Kh3 h5 29. Qf4 Qf6 30. Ne2 Qe5 31. Rf1 f6 32. Qxe5 Nxe5 33. Nf4 Rg5 34. Be2 Ke7 35. Kh4 Bd7 36. Ne6 Bxe6 37. fxe6 Rag8 38. Rf2 Rg2 39. Rxg2 Rxg2 40. Bd1 Rh2+ 41. Kg3 Rh1 42. Be2 h4+ 43. Kg2 Ra1 44. Kh3 Rxa4 45. Kxh4 Ra2 46. Bd1 Rd2 47. Bb3 Re2 0-1

[Event "CRO-chT4 Center-A"]
[Site "Zagreb"]
[Date "2011.03.27"]
[Round "3.33"]
[White "Livaic, Damir"]
[Black "Benamatic, Kresimir"]
[Result "0-1"]
[WhiteElo "2036"]
[BlackElo "2015"]
[PlyCount "126"]
[EventDate "2011.03.13"]
[EventType "team-tourn"]
[EventRounds "7"]
[EventCountry "CRO"]
[SourceTitle "EXT 2014"]
[Source "ChessBase"]
[SourceDate "2013.11.20"]
[SourceVersion "1"]
[SourceVersionDate "2013.11.20"]
[SourceQuality "1"]

1. d4 d5 2. c4 c6 3. cxd5 cxd5 4. Nc3 Nf6 5. Bf4 Nc6 6. Nf3 e6 7. Rc1 Qb6 8. Na4 Bb4+ 9. Bd2 Qa5 10. Nc3 Ne4 11. a3 Nxd2 12. Qxd2 Bd6 13. e3 a6 14. Bd3 0-0 15. 0-0 e5 16. b4 Qd8 17. dxe5 Nxe5 18. Nxe5 Bxe5 19. Nxd5 Be6 20. e4 f5 21. f3 Bxd5 22. exd5 Kh8 23. Bc4 Rc8 24. f4 Qb6+ 25. Kh1 Bd4 26. Qd3 Qf6 27. Rcd1 Ba7 28. d6 b5 29. Bb3 Rcd8 30. d7 h6 31. Rfe1 Bb8 32. Re6 Qh4 33. g3 Qh5 34. Kg2 Bxf4 35. gxf4 Qg4+ 36. Kh1 Rxd7 37. Qxd7 Qf3+ 38. Kg1 Qg4+ 39. Kf2 Qxf4+ 40. Ke2 Qxh2+ 41. Kd3 Qb8 42. Rh1 Qg3+ 43. Re3 Qg5 44. Rhe1 Rf6 45. Re8+ Kh7 46. Bg8+ Kg6 47. Bf7+ Rxf7 48. Qxf7+ Kxf7 49. R8e5 Qg3+ 50. R1e3 Qg4 51. Re7+ Kg8 52. Re8+ Kh7 53. Rf8 Qd1+ 54. Kc3 Qc1+ 55. Kd4 Qd2+ 56. Rd3 Qf4+ 57. Kc3 Qc1+ 58. Kd4 Qc4+ 59. Ke3 Qe4+ 60. Kd2 f4 61. Kc2 Qe2+ 62. Kc3 Qa2 63. Kd4 Qc4+ 0-1

[Event "CRO-chT4 Center-A"]
[Site "Zagreb"]
[Date "2011.03.20"]
[Round "2.53"]
[White "Benamatic, Kresimir"]
[Black "Ranogajec, Vlado"]
[Result "1/2-1/2"]
[WhiteElo "2015"]
[BlackElo "2082"]
[PlyCount "26"]
[EventDate "2011.03.13"]
[EventType "team-tourn"]
[EventRounds "7"]
[EventCountry "CRO"]
[SourceTitle "EXT 2014"]
[Source "ChessBase"]
[SourceDate "2013.11.20"]
[SourceVersion "1"]
[SourceVersionDate "2013.11.20"]
[SourceQuality "1"]

1. d4 d5 2. c4 e6 3. Nf3 Nf6 4. Nc3 c6 5. e3 Nbd7 6. Bd3 Bd6 7. 0-0 dxc4 8. Bxc4 0-0 9. e4 e5 10. Bg5 Qc7 11. Rc1 exd4 12. Bxf6 gxf6 13. Nb5 Qb8 1/2-1/2

[Event "CRO-chT4A Center"]
[Site "Zagreb"]
[Date "2010.11.07"]
[Round "10.15"]
[White "Benamatic, Kresimir"]
[Black "Zalac, Stanko"]
[Result "1-0"]
[WhiteElo "2012"]
[BlackElo "1987"]
[PlyCount "67"]
[EventDate "2010.03.21"]
[EventType "team-tourn"]
[EventRounds "11"]
[EventCountry "CRO"]
[SourceTitle "EXT 2012"]
[Source "ChessBase"]
[SourceDate "2011.11.24"]
[SourceVersion "1"]
[SourceVersionDate "2011.11.24"]
[SourceQuality "1"]

1. d4 Nf6 2. c4 e6 3. Nf3 Bb4+ 4. Bd2 Bxd2+ 5. Qxd2 d5 6. Nc3 c6 7. e3 Bd7 8. Bd3 dxc4 9. Bxc4 b5 10. Bd3 Na6 11. 0-0 0-0 12. a4 Nc7 13. axb5 Nxb5 14. Ne5 a6 15. Ne4 Nd5 16. Nc5 Be8 17. Nxa6 f6 18. Nf3 Bh5 19. Qc2 Bxf3 20. Bxh7+ Kh8 21. gxf3 Rxa6 22. Rxa6 Nb4 23. Qg6 Qd5 24. Ra4 c5 25. dxc5 Nc6 26. Rg4 Qd7 27. Qh5 g5 28. Bd3+ Kg8 29. Bxb5 Qb7 30. Bxc6 Qxc6 31. h4 Rf7 32. hxg5 f5 33. Rd4 Qe8 34. Rfd1 1-0

[Event "CRO-chT4A Center"]
[Site "Zagreb"]
[Date "2010.04.11"]
[Round "3.15"]
[White "Vidic, Mihajlo"]
[Black "Benamatic, Kresimir"]
[Result "0-1"]
[WhiteElo "1878"]
[BlackElo "2012"]
[PlyCount "50"]
[EventDate "2010.03.21"]
[EventType "team-tourn"]
[EventRounds "11"]
[EventCountry "CRO"]
[SourceTitle "EXT 2012"]
[Source "ChessBase"]
[SourceDate "2011.11.24"]
[SourceVersion "1"]
[SourceVersionDate "2011.11.24"]
[SourceQuality "1"]

1. d4 d5 2. Nf3 Nf6 3. e3 e6 4. Bd3 c5 5. b3 cxd4 6. exd4 Bd6 7. 0-0 0-0 8. c4 dxc4 9. bxc4 b6 10. Bg5 Bb7 11. Nbd2 Nbd7 12. Qc2 h6 13. Bh4 Qc7 14. Rfe1 Rac8 15. Qd1 Rfe8 16. Rb1 e5 17. Bxf6 Nxf6 18. Bf5 Rcd8 19. d5 e4 20. Bxe4 Nxe4 21. Qa4 Nf6 22. Qxa7 Rxe1+ 23. Nxe1 Bxh2+ 24. Kf1 Ne4 25. Ndf3 Qxc4+ 0-1